01751nam a2200241 b 450000500170000000800410001701600460005803500210010404000420012504100080016708200150017510000390019024501480022925000220037726000420039930000350044150002630047650505520073950600210129165000220131265000390133485601360137320140903175115.0891106s1884 sp fr 1 0 spa d7 abimoBNE20010115153zBNPAB000074562SpMaBN a(OCoLC)433649753 aSpMaBNbspacSandra YazodSandra Yazo0 aspa042346.46a201 aAntequera, José Maríadm. 189110aHistoria de la legislación españolabdesde los tiempos mas remotos hasta nuestros díascnuevamente escrita por Don José Maria Antequera aSegunda edición aMadridbImp. A. Pérez Dubrullc1884 axi, 558 páginasc24 x 16 cm. aDetalles físicos: Encuadernación rígida en cartón forrada en cuero. Lomo con tejuelos y nervaduras. Guardas en papel de agua. Portada impresa en una sola tinta. Texto en una columna con notas al pie de página. Papel con algunas manchas de humedad.  aIntroducción. ; España en sus primitivos tiempos históricos. ; España bajo la dominación romana. ; España bajo la dominación goda. ; España desde la invasión de los árabes hasta el reinado de D. Fernando el Santo. ; España desde el advenimiento al trono de D. Fernando el Santo hasta el reinado de D. Fernando el Católico. . ; España desde los Reyes Católicos hasta D. Fernando VII. ; España desde la abdicación de D. Carlos I hasta nuestros días. ; España en sus antiguos dominios de ultramar. ; Apéndices. aConsulta en sala 7aDerecho español 7aDerechozEspañavHistoria2embne zDisponible en líneauhttps://archive.org/details/historiadelaleg01antegooguhttp://bvpb.mcu.es/es/consulta/registro.cmd?id=413214